| 000 | 00604nam a2200181 a 4500 | ||
|---|---|---|---|
| 001 | 000676344 | ||
| 003 | AM-YeHGA | ||
| 005 | 20250617142058.0 | ||
| 008 | 090731s1896 ||| r 000 0 rus d | ||
| 040 | _aAM-YeHGA | ||
| 041 | 0 | _arus | |
| 100 | 1 |
_aОстровский, Александр Николаевич, _d1823-1886 |
|
| 245 | 1 | 0 |
_aГроза : _bДрама в 5 действiяхъ / _cА.Н. Островский. |
| 260 |
_aСанкт-Петербург : _bТ-во "Просвещение", _c1896. |
||
| 300 | _a102 с. | ||
| 653 | 0 | _aРусская литература | |
| 090 | _c252137 | ||
| 999 |
_c250541 _d250541 |
||